000 00197 a2200097 4500
020 _a9788415893387
041 _aspa
100 _aCamila Lackberg
245 _aLa mirada de los Angeles
942 _cK
999 _c26297
_d26297